[Event "C.to Provinciale MB"]
[Site "Ceriano Laghetto ITA"]
[Date "2010.02.??"]
[Round "2"]
[White "Bertuolo, Sergio"]
[Black "Casarin, Massimo"]
[Result "1-0"]
[WhiteElo "1559"]
[BlackElo "1395"]
[PlyCount "111"]
[EventDate "2010.02.02"]

1. e4 e6 2. d4 d5 3. e5 c5 4. c3 Nc6 5. Nf3 Qb6 6. Be2 Nh6 7. Na3 Nf5 8. Nc2
cxd4 9. Ncxd4 Nfxd4 10. Nxd4 Nxe5 11. Qa4+ Bd7 12. Bb5 Bxb5 13. Nxb5 Nc6 14.
Nd4 Bc5 15. Be3 Bxd4 16. Bxd4 Qxb2 17. O-O O-O 18. Rfb1 Qd2 19. Rxb7 Nxd4 20.
cxd4 Qc3 21. Rab1 Rfc8 22. g3 Rc4 23. Qd7 Rf8 24. Rxa7 h6 25. Rab7 Rcc8 26. a4
Qxd4 27. a5 Ra8 28. Qb5 Qc4 29. Qb6 Qa6 30. Ra1 Qxb6 31. Rxb6 Ra7 32. a6 Rfa8
33. Kf1 g6 34. Ke2 Kg7 35. Kd3 Kf6 36. Kd4 Kf5 37. f3 h5 38. Kc5 e5 39. Kxd5 h4
40. Ra4 Rd8+ 41. Kc5 Rc7+ 42. Rc6 Rxc6+ 43. Kxc6 hxg3 44. hxg3 Ke6 45. Kc7 Rd7+
46. Kc8 Ke7 47. a7 Rd8+ 48. Kb7 Rd7+ 49. Ka6 Rd6+ 50. Kb5 Rd5+ 51. Kb4 Rd4+ 52.
Kb3 Rd3+ 53. Kc2 Rd8 54. a8=Q Rxa8 55. Rxa8 Kf6 56. g4 1-0

[Event "C.to Provinciale MB"]
[Site "Ceriano Laghetto ITA"]
[Date "2010.02.??"]
[Round "2"]
[White "Cervini, Gian Piero"]
[Black "Canciani, Alberto"]
[Result "0-1"]
[WhiteElo "1792"]
[BlackElo "1461"]
[PlyCount "114"]
[EventDate "2010.02.02"]

1. e4 e6 2. d4 c5 3. c3 Qc7 4. Nf3 b6 5. Na3 a6 6. Be3 d6 7. Bd3 Nd7 8. O-O Bb7
9. Nc2 c4 10. Be2 Bxe4 11. Ng5 Bb7 12. Bf3 Ngf6 13. Re1 h6 14. Bxb7 Qxb7 15.
Nh3 Be7 16. Qe2 b5 17. a4 O-O 18. Nb4 d5 19. axb5 axb5 20. Nf4 Bxb4 21. cxb4
Rxa1 22. Rxa1 Ra8 23. Rc1 Ra2 24. g4 Qa7 25. Kg2 Ra1 26. Rc2 Rb1 27. g5 hxg5
28. Nh3 g4 29. Ng5 Qa1 30. f3 Re1 31. Qf2 Qb1 32. Rd2 Rd1 33. Re2 Qg6 34. fxg4
Nxg4 35. Qg3 Nxe3+ 36. Rxe3 Rd3 37. Rxd3 cxd3 38. Kf2 Qf5+ 39. Ke1 f6 40. Nf3
Qe4+ 41. Kf1 Qe2+ 42. Kg1 d2 43. Nxd2 Qxd2 44. Qd6 Nf8 45. Qb6 Qxb4 46. h4 g6
47. Qc5 Qxc5 48. dxc5 e5 49. Kf2 Ne6 50. b4 Kf7 51. Ke3 Ke7 52. Kd3 Kd7 53. Ke3
Kc6 54. Kd3 f5 55. Ke3 d4+ 56. Kd3 Nxc5+ 57. bxc5 Kxc5 0-1

[Event "C.to Provinciale MB"]
[Site "Ceriano Laghetto ITA"]
[Date "2010.02.??"]
[Round "2"]
[White "Guglielmetti, Oscar"]
[Black "Dimo, Maurizio"]
[Result "1-0"]
[WhiteElo "1788"]
[BlackElo "1514"]
[PlyCount "62"]
[EventDate "2010.02.02"]

1. f4 Nf6 2. Nf3 Nc6 3. b3 d5 4. Bb2 Bf5 5. e3 a6 6. Be2 Nb4 7. Nd4 Be4 8. Bf3
c5 9. Bxe4 dxe4 10. Ne2 e6 11. a3 Nbd5 12. c4 Nc7 13. Ng3 b5 14. Bxf6 Qxf6 15.
Nc3 e5 16. Ngxe4 Qh4+ 17. Ng3 Ne6 18. O-O Nc7 19. Nge4 Qh6 20. fxe5 Qe6 21. Qf3
Be7 22. Nd6+ Bxd6 23. exd6 Qxd6 24. Qxf7+ Kd8 25. Qxg7 Re8 26. Rad1 Kc8 27. Ne2
Rd8 28. Ng3 Re8 29. Nf5 Qd3 30. Qg4 Kb7 31. Qf3+ Kb6 1-0

[Event "C.to Provinciale MB"]
[Site "Ceriano Laghetto ITA"]
[Date "2010.02.??"]
[Round "2"]
[White "Guzzetti, Luigi Enrico"]
[Black "Raineri, Pieroberto"]
[Result "1-0"]
[WhiteElo "1887"]
[BlackElo "1677"]
[PlyCount "39"]
[EventDate "2010.02.02"]

1. e4 c5 2. Nf3 Nc6 3. d4 cxd4 4. Nxd4 g6 5. Nc3 Bg7 6. Be3 Nf6 7. Be2 O-O 8.
O-O d5 9. Nxc6 bxc6 10. e5 Ne8 11. f4 f6 12. exf6 exf6 13. Bc5 Nd6 14. Nxd5 Rf7
15. Nb4 Bb7 16. Qxd6 Qa5 17. Bc4 Rd8 18. Bxf7+ Kxf7 19. Qe7+ Kg8 20. Rad1 1-0

[Event "C.to Provinciale MB"]
[Site "Ceriano Laghetto ITA"]
[Date "2010.02.??"]
[Round "2"]
[White "Longo, Giovanni"]
[Black "Pandini, Giuseppe"]
[Result "1-0"]
[WhiteElo "1641"]
[BlackElo "1702"]
[PlyCount "29"]
[EventDate "2010.02.02"]

1. d4 b6 2. Nf3 e6 3. e4 Bb7 4. Nc3 Bb4 5. Bd3 Nf6 6. Qe2 O-O 7. Bg5 Be7 8.
O-O-O d6 9. e5 Nd5 10. Nxd5 Bxg5+ 11. Nxg5 Qxg5+ 12. f4 Qd8 13. Bxh7+ Kxh7 14.
Qh5+ Kg8 15. Rd3 1-0

[Event "C.to Provinciale MB"]
[Site "Ceriano Laghetto ITA"]
[Date "2010.02.??"]
[Round "2"]
[White "Monticelli, Francesco"]
[Black "Regorda, Vittorio"]
[Result "0-1"]
[WhiteElo "1536"]
[BlackElo "1865"]
[PlyCount "104"]
[EventDate "2010.02.02"]

1. e4 d5 2. exd5 Qxd5 3. Nc3 Qa5 4. d3 Nf6 5. Nf3 Bg4 6. Be2 c6 7. O-O e6 8.
Bd2 Bb4 9. a3 Bxc3 10. Bxc3 Qd8 11. Re1 O-O 12. h3 Bh5 13. Nd4 Bxe2 14. Nxe2
Nbd7 15. Ng3 Nd5 16. Bd2 Qf6 17. c3 Nf4 18. Re3 Qg6 19. Qf3 e5 20. Re4 f5 21.
Ree1 Nxh3+ 22. gxh3 f4 23. Rad1 Rae8 24. Kh2 fxg3+ 25. Qxg3 Qf5 26. Rf1 Re6 27.
Qg4 Qxg4 28. hxg4 Rf3 29. Be3 Rg6 30. Rg1 Nb6 31. Bxb6 axb6 32. Kg2 Rf4 33. f3
h5 34. Kh2 hxg4 35. Rxg4 Rgxg4 36. fxg4 Rxg4 37. Re1 Rg5 38. Kh3 Kf7 39. Kh4
Rf5 40. Kg4 Kf6 41. d4 exd4 42. cxd4 g5 43. Rd1 Rf4+ 44. Kg3 Ke6 45. Re1+ Kd6
46. Re5 Rxd4 47. Rxg5 Rd2 48. Rg7 Rxb2 49. Rxb7 Kc5 50. a4 b5 51. a5 b4 52. a6
Kc4 0-1

[Event "C.to Provinciale MB"]
[Site "Ceriano Laghetto ITA"]
[Date "2010.02.??"]
[Round "2"]
[White "Napoli, Ferdinando"]
[Black "Pino, Nicola"]
[Result "0-1"]
[WhiteElo "1742"]
[BlackElo "1793"]
[PlyCount "59"]
[EventDate "2010.02.02"]

1. e4 c5 2. Nf3 Nc6 3. d4 cxd4 4. Nxd4 d6 5. Nc3 e5 6. Ndb5 a6 7. Na3 Be6 8.
Nd5 Bxd5 9. Qxd5 Qa5+ 10. Qxa5 Nxa5 11. Be3 Nf6 12. f3 Be7 13. Nc4 Nxc4 14.
Bxc4 Rc8 15. Bb3 O-O 16. O-O Rc6 17. Rfd1 Rfc8 18. c3 b5 19. Bd5 Nxd5 20. Rxd5
f6 21. a3 Kf7 22. f4 Rc4 23. fxe5 dxe5 24. Kf2 Rxe4 25. Kf3 Rec4 26. Rad1 Ke8
27. Bb6 R4c6 28. Ba5 Kf7 29. Rd7 Ke6 30. Ra7 0-1

[Event "C.to Provinciale MB"]
[Site "Ceriano Laghetto ITA"]
[Date "2010.02.??"]
[Round "2"]
[White "Ronconi, Fausto"]
[Black "Pellegrini, Fabio"]
[Result "1/2-1/2"]
[WhiteElo "1780"]
[BlackElo "1541"]
[PlyCount "90"]
[EventDate "2010.02.02"]

1. d4 f5 2. c4 Nf6 3. Nc3 e6 4. Nf3 Be7 5. Bg5 O-O 6. e3 c6 7. Bd3 d5 8. Qb3
Nbd7 9. cxd5 Nxd5 10. Bxe7 Qxe7 11. O-O-O Qb4 12. Bc4 Qxb3 13. Bxb3 Re8 14.
Nxd5 exd5 15. h3 Nf6 16. Ne5 Nd7 17. f4 Nxe5 18. fxe5 Be6 19. Rhf1 Rf8 20. Rf2
Rf7 21. Rdf1 Raf8 22. Bd1 g6 23. g4 fxg4 24. Rxf7 Rxf7 25. Rxf7 Kxf7 26. hxg4
g5 27. Kd2 b6 28. b4 b5 29. Ke1 h6 30. Kf2 Ke7 31. a3 Bf7 32. Kg3 Bg6 33. Kf2
Ke6 34. Ke1 Ke7 35. Kd2 Ke6 36. Be2 Ke7 37. Bd3 Bxd3 38. Kxd3 Ke6 39. e4 a6 40.
Ke3 Ke7 41. exd5 cxd5 42. Kd3 Ke6 43. Kc3 Ke7 44. Kb3 Ke6 45. a4 Ke7 1/2-1/2

[Event "C.to Provinciale MB"]
[Site "Ceriano Laghetto ITA"]
[Date "2010.02.??"]
[Round "2"]
[White "Santarelli, Sabatino"]
[Black "Borserini, Mirko"]
[Result "1/2-1/2"]
[WhiteElo "1658"]
[BlackElo "1449"]
[PlyCount "100"]
[EventDate "2010.02.02"]

1. e4 c5 2. Nf3 Nc6 3. c3 d5 4. exd5 Qxd5 5. Be2 g6 6. O-O Bg7 7. Na3 Qd8 8.
Bb5 Bd7 9. Re1 a6 10. Bf1 Bg4 11. h3 Bf5 12. Nc2 Nf6 13. d4 Bxc2 14. Qxc2 cxd4
15. Bd2 Rc8 16. a3 O-O 17. Rad1 Re8 18. Bg5 e5 19. cxd4 Nxd4 20. Qd3 Nxf3+ 21.
Qxf3 Qb6 22. Bxf6 Bxf6 23. Rd7 e4 24. Rxe4 Qc6 25. Rxe8+ Rxe8 26. Qxc6 bxc6 27.
b3 Re1 28. a4 a5 29. Rc7 Rc1 30. g3 Bd4 31. Rd7 c5 32. Re7 Rb1 33. Kg2 Rb2 34.
Re2 Rxb3 35. Rc2 Rb2 36. Rxb2 Bxb2 37. Bc4 Kg7 38. f4 f5 39. Kf3 Kf6 40. g4
fxg4+ 41. hxg4 h6 42. Ke4 h5 43. Kf3 h4 44. g5+ Kg7 45. Be6 Bc1 46. Kg4 h3 47.
Kxh3 Bxf4 48. Kg4 Bc1 49. Bc4 Kf8 50. Bd3 Kg7 1/2-1/2

[Event "C.to Provinciale MB"]
[Site "Ceriano Laghetto ITA"]
[Date "2010.02.??"]
[Round "2"]
[White "Viale, Fabio"]
[Black "Boffi, Luigi"]
[Result "1-0"]
[WhiteElo "1856"]
[BlackElo "1600"]
[PlyCount "62"]
[EventDate "2010.02.02"]

1. d4 Nf6 2. c4 g6 3. Nf3 Bg7 4. Nc3 O-O 5. e4 d6 6. Be2 c6 7. O-O Nbd7 8. Qc2
Qc7 9. h3 e5 10. Be3 exd4 11. Nxd4 Nc5 12. b4 Ne6 13. Rad1 Nxd4 14. Bxd4 Be6
15. f4 Ne8 16. Bxg7 Nxg7 17. f5 Bc8 18. Qd3 Qb6+ 19. Kh1 Qxb4 20. f6 Ne6 21.
Qe3 Qc5 22. Qd2 Rd8 23. h4 h5 24. Qh6 Qe5 25. Rd3 b5 26. cxb5 cxb5 27. Nd5 Rd7
28. Rff3 Qxe4 29. Nf4 Rc7 30. Nxe6 Qxh4+ 31. Rh3 Rc1+ 1-0

[Event "C.to Provinciale MB"]
[Site "Ceriano Laghetto ITA"]
[Date "2010.02.??"]
[Round "3"]
[White "Boffi, Luigi"]
[Black "Cervini, Gian Piero"]
[Result "0-1"]
[WhiteElo "1600"]
[BlackElo "1792"]
[PlyCount "80"]
[EventDate "2010.02.02"]

1. e4 g6 2. d4 Bg7 3. f4 d6 4. Nf3 Nf6 5. Nc3 O-O 6. Bd3 c5 7. dxc5 dxc5 8. O-O
Nc6 9. Qe1 a6 10. Be3 Nd4 11. h3 b5 12. Qf2 Nxf3+ 13. Qxf3 c4 14. e5 Nd5 15.
Be4 Nxe3 16. Qxe3 Rb8 17. Rad1 Qb6 18. Qxb6 Rxb6 19. Rd2 Bb7 20. Rfd1 g5 21. g3
gxf4 22. Bxb7 Rxb7 23. gxf4 f6 24. exf6 Bxf6 25. Rd8 b4 26. Na4 Rb5 27. R8d5
Rfb8 28. b3 c3 29. Nc5 Ra5 30. Nd7 Rbb5 31. Nxf6+ exf6 32. Rd8+ Kg7 33. R1d7+
Kg6 34. Rg8+ Kf5 35. Rxh7 Kxf4 36. Rh6 f5 37. Rh4+ Ke3 38. Rg3+ Kd2 39. Rg2+
Kc1 40. Rf4 Rxa2 0-1

[Event "C.to Provinciale MB"]
[Site "Ceriano Laghetto ITA"]
[Date "2010.02.??"]
[Round "3"]
[White "Borserini, Mirko"]
[Black "Squillante, Michele"]
[Result "1-0"]
[WhiteElo "1449"]
[BlackElo "1842"]
[PlyCount "131"]
[EventDate "2010.02.02"]

1. d4 Nf6 2. Bg5 e6 3. e4 Be7 4. e5 Nd5 5. Bxe7 Qxe7 6. a3 d6 7. c4 Nf4 8. Nf3
O-O 9. Be2 dxe5 10. Nxe5 Rd8 11. Bf3 c5 12. O-O cxd4 13. Qd2 Ng6 14. Nxg6 hxg6
15. Re1 Qf6 16. Qb4 Nd7 17. Nd2 Nf8 18. Ne4 Qf4 19. c5 Rb8 20. c6 bxc6 21. Qc4
Qc7 22. b4 Qb6 23. Qc2 Bb7 24. Nc5 Ba8 25. Rac1 Rbc8 26. Red1 Nh7 27. Qd2 Nf6
28. Rc4 e5 29. Rdc1 Re8 30. Be4 Nxe4 31. Nxe4 Qd8 32. Nc5 Qf6 33. Qe2 Qf5 34.
Re1 Red8 35. g4 Qg5 36. Ne4 Qe7 37. Nc5 Qd6 38. Qd3 Qf6 39. Re2 Qg5 40. h3 f5
41. f3 Qf4 42. Qb3 Kh8 43. Rf2 Qe3 44. Qxe3 dxe3 45. Re2 f4 46. Ne4 Rd4 47. Rc5
Rd5 48. Ng5 Rxc5 49. bxc5 Kg8 50. h4 Rd8 51. Ne4 Kf8 52. Nd6 Ke7 53. Rc2 Rd7
54. Rb2 Rd8 55. Kf1 Ke6 56. Ke2 Kd7 57. Rb4 Kc7 58. Ra4 a5 59. Rxa5 Bb7 60. Ra7
Rb8 61. Nc4 Ra8 62. Rxa8 Bxa8 63. Nxe5 Bb7 64. Nxg6 Ba6+ 65. Ke1 Bd3 66. Nxf4
1-0

[Event "C.to Provinciale MB"]
[Site "Ceriano Laghetto ITA"]
[Date "2010.02.??"]
[Round "3"]
[White "Canciani, Alberto"]
[Black "Guglielmetti, Oscar"]
[Result "0-1"]
[WhiteElo "1461"]
[BlackElo "1788"]
[PlyCount "54"]
[EventDate "2010.02.02"]

1. c4 Nf6 2. g3 g6 3. e3 d6 4. Bg2 Bg7 5. Ne2 O-O 6. Nbc3 e5 7. d3 Nc6 8. a3
Be6 9. b4 Qc8 10. e4 Nh5 11. Nd5 Re8 12. Be3 Ne7 13. Qd2 Nxd5 14. cxd5 Bh3 15.
O-O Bxg2 16. Kxg2 f5 17. f3 Rf8 18. Bh6 f4 19. Bxg7 Kxg7 20. g4 Nf6 21. Rac1
Rf7 22. d4 Nxg4 23. fxg4 Qxg4+ 24. Kh1 f3 25. Ng3 Raf8 26. dxe5 f2 27. exd6
Qf3# 0-1

[Event "C.to Provinciale MB"]
[Site "Ceriano Laghetto ITA"]
[Date "2010.02.??"]
[Round "3"]
[White "Conta, Diego"]
[Black "Longo, Giovanni"]
[Result "1/2-1/2"]
[WhiteElo "1763"]
[BlackElo "1641"]
[PlyCount "44"]
[EventDate "2010.02.02"]

1. d4 d5 2. c4 c6 3. Nc3 Nf6 4. Bg5 e6 5. e3 Be7 6. Nf3 O-O 7. Bd3 Nbd7 8. O-O
c5 9. cxd5 Nxd5 10. Bxe7 Nxe7 11. Qc2 Ng6 12. Rad1 Qe7 13. Rfe1 a6 14. d5 Qd6
15. dxe6 Qxe6 16. Bf5 Qc6 17. Be4 Qe6 18. Bf5 Qc6 19. Nd5 Re8 20. e4 Nde5 21.
Nxe5 Nxe5 22. Bxc8 Raxc8 1/2-1/2

[Event "C.to Provinciale MB"]
[Site "Ceriano Laghetto ITA"]
[Date "2010.02.??"]
[Round "3"]
[White "Monticelli, Francesco"]
[Black "Santarelli, Sabatino"]
[Result "1/2-1/2"]
[WhiteElo "1536"]
[BlackElo "1658"]
[PlyCount "70"]
[EventDate "2010.02.02"]

1. e4 c5 2. Nf3 Nc6 3. d4 cxd4 4. Nxd4 d6 5. Nc3 Nf6 6. Nxc6 bxc6 7. g3 g6 8.
Bg2 Qc7 9. O-O Rb8 10. b3 Bg7 11. Bb2 O-O 12. Re1 Ng4 13. h3 Ne5 14. Rb1 Bb7
15. Qd2 a6 16. Rbd1 Ba8 17. Qe2 Qa5 18. Qd2 Nc4 19. bxc4 Rxb2 20. Re3 Rfb8 21.
Ra1 Bh6 22. f4 Bg7 23. Qd3 Bxc3 24. Qxc3 Qxc3 25. Rxc3 c5 26. Rb3 R2xb3 27.
cxb3 Rb4 28. Rd1 f6 29. Kf2 Kf7 30. h4 h5 31. Bf3 a5 32. Rb1 a4 33. Bd1 a3 34.
Ke3 Bb7 35. Be2 Ba6 1/2-1/2

[Event "C.to Provinciale MB"]
[Site "Ceriano Laghetto ITA"]
[Date "2010.02.??"]
[Round "3"]
[White "Origgio, Stefano"]
[Black "Napoli, Ferdinando"]
[Result "1-0"]
[WhiteElo "1668"]
[BlackElo "1742"]
[PlyCount "45"]
[EventDate "2010.02.02"]

1. d4 Nf6 2. c4 g6 3. Nc3 Bg7 4. e4 O-O 5. f3 d6 6. Be3 e5 7. Nge2 Nc6 8. Qd2
exd4 9. Nxd4 Bd7 10. Be2 Re8 11. g4 Nxd4 12. Bxd4 Bc6 13. O-O-O Qe7 14. Rde1 a6
15. h4 Nd7 16. Bxg7 Kxg7 17. g5 b5 18. h5 Ne5 19. f4 Nxc4 20. Bxc4 bxc4 21.
Qd4+ f6 22. gxf6+ Qxf6 23. h6+ 1-0

[Event "C.to Provinciale MB"]
[Site "Ceriano Laghetto ITA"]
[Date "2010.02.??"]
[Round "3"]
[White "Pandini, Giuseppe"]
[Black "Veronelli, Franco"]
[Result "1-0"]
[WhiteElo "1702"]
[BlackElo "1819"]
[PlyCount "101"]
[EventDate "2010.02.02"]

1. f4 d5 2. Nf3 c5 3. e3 Nc6 4. b3 Nf6 5. Bb5 Bg4 6. O-O e6 7. Qe1 Bxf3 8. Rxf3
Rc8 9. Bb2 Be7 10. Nc3 a6 11. Bxc6+ Rxc6 12. Ne2 Kd7 13. c4 dxc4 14. bxc4 Kc8
15. Nc3 Qd3 16. Qe2 Rd8 17. Rd1 Rcd6 18. Qxd3 Rxd3 19. Rf2 Nd7 20. Nb1 Bf6 21.
Bxf6 Nxf6 22. Re2 Nd7 23. Kf1 Nb6 24. Rc1 Na4 25. Ke1 R8d6 26. Kf1 Rb6 27. Ree1
Rb2 28. Ke2 Rd6 29. a3 Ra2 30. g4 Ra1 31. Rc2 Rb6 32. Rcc1 Kc7 33. Kf3 Kc6 34.
Ke4 Nb2 35. d4 f5+ 36. gxf5 exf5+ 37. Kxf5 Nd3 38. d5+ Kd6 39. e4 Nxc1 40. e5+
Ke7 41. d6+ Ke8 42. Nc3 Rxa3 43. Nd5 Rc6 44. Rxc1 Rh3 45. Rg1 g6+ 46. Kf6 Rxh2
47. Kg7 Rc2 48. Nf6+ Kd8 49. Rh1 Rxc4 50. Rxh7 Rxd6 51. exd6 1-0

[Event "C.to Provinciale MB"]
[Site "Ceriano Laghetto ITA"]
[Date "2010.02.??"]
[Round "3"]
[White "Pellegrini, Fabio"]
[Black "Viale, Fabio"]
[Result "1/2-1/2"]
[WhiteElo "1541"]
[BlackElo "1856"]
[PlyCount "54"]
[EventDate "2010.02.02"]

1. e4 d5 2. exd5 Nf6 3. c4 c6 4. Nc3 cxd5 5. cxd5 Nxd5 6. Bb5+ Bd7 7. Qb3 Nxc3
8. Bxd7+ Qxd7 9. dxc3 Nc6 10. Be3 e6 11. Rd1 Qc7 12. Nf3 Be7 13. O-O O-O 14.
Rd2 Rfd8 15. Rxd8+ Rxd8 16. Rd1 Na5 17. Rxd8+ Qxd8 18. Qc2 Qd5 19. b3 a6 20.
Nd2 b5 21. c4 bxc4 22. bxc4 Bb4 23. c5 Kf8 24. Nb3 Nc4 25. c6 Ke8 26. Bc5 a5
27. f4 Ne5 1/2-1/2

[Event "C.to Provinciale MB"]
[Site "Ceriano Laghetto ITA"]
[Date "2010.02.??"]
[Round "3"]
[White "Petetta, Roberto"]
[Black "Ronconi, Fausto"]
[Result "1/2-1/2"]
[WhiteElo "1649"]
[BlackElo "1780"]
[PlyCount "125"]
[EventDate "2010.02.02"]

1. e4 e6 2. Be2 d5 3. d3 dxe4 4. dxe4 Qxd1+ 5. Bxd1 Nf6 6. f3 Nc6 7. Be3 Bd6 8.
Ne2 Be5 9. c3 O-O 10. Nd2 Rd8 11. O-O b5 12. a3 a5 13. Rc1 Ba6 14. Nb3 Rd3 15.
Bf2 Nh5 16. Nc5 Rdd8 17. Bb3 b4 18. Nxa6 Rxa6 19. g3 bxc3 20. bxc3 g6 21. Rfd1
Raa8 22. Ba4 Ne7 23. Nd4 Rab8 24. Rb1 c5 25. Nb5 c4 26. f4 Bg7 27. e5 Bf8 28.
Rd4 Rxd4 29. cxd4 Nd5 30. Bc2 Ng7 31. a4 Bb4 32. Kf1 Nf5 33. Bxf5 gxf5 34. Be1
Kg7 35. Ke2 Rc8 36. Rc1 f6 37. Bxb4 axb4 38. Nd6 Nc3+ 39. Rxc3 Ra8 40. Rxc4
Rxa4 41. Kd1 fxe5 42. dxe5 Ra1+ 43. Kc2 Ra2+ 44. Kb3 Rxh2 45. Kxb4 Rg2 46. Rc3
h5 47. Ne8+ Kf7 48. Nf6 Kg6 49. Rd3 Rf2 50. Rd4 Rf3 51. Rd8 Re3 52. Rg8+ Kh6
53. Rh8+ Kg7 54. Rxh5 Rxg3 55. Rxf5 Kg6 56. Nh5 Kxf5 57. Nxg3+ Kxf4 58. Ne2+
Kxe5 59. Kc4 Ke4 60. Kc3 Ke3 61. Ng3 e5 62. Kc2 Kf3 63. Kd3 1/2-1/2

[Event "C.to Provinciale MB"]
[Site "Ceriano Laghetto ITA"]
[Date "2010.02.??"]
[Round "3"]
[White "Pino, Nicola"]
[Black "Guzzetti, Luigi Enrico"]
[Result "1/2-1/2"]
[WhiteElo "1793"]
[BlackElo "1887"]
[PlyCount "157"]
[EventDate "2010.02.02"]

1. e4 c5 2. f4 e6 3. Nf3 d6 4. d4 cxd4 5. Nxd4 a6 6. Bd3 Nf6 7. O-O Qc7 8. Kh1
Nc6 9. Be3 Be7 10. Nc3 Bd7 11. Rc1 O-O 12. a3 e5 13. Nf5 Bxf5 14. exf5 Rad8 15.
Qf3 d5 16. fxe5 Nxe5 17. Bf4 Bd6 18. Bxe5 Bxe5 19. Qh3 Bxc3 20. bxc3 Qxc3 21.
Rb1 b5 22. Rb3 Qd2 23. Rb4 Rfe8 24. Rh4 Re3 25. g3 Rde8 26. Qg2 Qxg2+ 27. Kxg2
Ne4 28. Rg4 f6 29. Rgf4 Nd2 30. R1f2 Nc4 31. Rd4 R3e5 32. a4 Ne3+ 33. Kg1 Nd1
34. Rd2 Nc3 35. axb5 axb5 36. Rb4 Rb8 37. g4 Kf7 38. h3 g6 39. Kg2 g5 40. Bf1
Ke7 41. Rd3 Ne4 42. Ra3 Kd6 43. Rxb5 Rxb5 44. Bxb5 Kc5 45. Bd3 Re7 46. Rb3 Nd2
47. Rb5+ Kd4 48. Rb6 Ke5 49. Re6+ Rxe6 50. fxe6 Kxe6 51. Bxh7 Ke5 52. Kf2 Ne4+
53. Ke3 d4+ 54. Kf3 Nc5 55. Bf5 Na4 56. Bh7 Nc5 57. Bf5 Kd5 58. Bg6 Kc4 59. Ke2
Kc3 60. Bf5 Na6 61. Bh7 Nb4 62. Kd1 d3 63. cxd3 Nxd3 64. Ke2 Nf4+ 65. Ke3 Nxh3
66. Ke4 Nf4 67. Kf5 Nh3 68. Kxf6 Kd4 69. Bb1 Ke3 70. Kf5 Kf3 71. Bc2 Kg3 72.
Bd1 Kh4 73. Bf3 Nf2 74. Be2 Nh1 75. Bd1 Ng3+ 76. Ke5 Nf1 77. Ke4 Ng3+ 78. Ke5
Nf1 79. Ke4 1/2-1/2

[Event "C.to Provinciale MB"]
[Site "Ceriano Laghetto ITA"]
[Date "2010.02.??"]
[Round "3"]
[White "Raineri, Pieroberto"]
[Black "Bertuolo, Sergio"]
[Result "1-0"]
[WhiteElo "1677"]
[BlackElo "1559"]
[PlyCount "79"]
[EventDate "2010.02.02"]

1. d4 Nf6 2. c4 g6 3. Nc3 Bg7 4. e4 d6 5. f3 O-O 6. Bg5 h6 7. Be3 Nbd7 8. Nh3
Re8 9. Qd2 Kh7 10. Bd3 c5 11. d5 Ne5 12. Nf2 Nxd3+ 13. Nxd3 Nd7 14. g4 a5 15.
a4 Nb6 16. b3 e6 17. O-O-O Qf6 18. Kc2 Qe7 19. dxe6 Bxe6 20. Nf4 Bxc4 21. Qxd6
Bxb3+ 22. Kxb3 c4+ 23. Kc2 Bxc3 24. Qxe7 Rxe7 25. Bxb6 Be5 26. Nd5 Re6 27. Rb1
Rc6 28. Rb5 Bd6 29. h3 Bb4 30. Nxb4 axb4 31. Rxb4 Rac8 32. a5 Rf6 33. Rf1 Rd6
34. f4 Rcc6 35. Rf3 Re6 36. e5 f6 37. exf6 Re2+ 38. Kc3 Re4 39. Bd4 Rc7 40. Re3
1-0

[Event "C.to Provinciale MB"]
[Site "Ceriano Laghetto ITA"]
[Date "2010.02.??"]
[Round "3"]
[White "Regorda, Vittorio"]
[Black "Basile, Daniele"]
[Result "0-1"]
[WhiteElo "1865"]
[BlackElo "1697"]
[PlyCount "140"]
[EventDate "2010.02.02"]

1. d4 e6 2. Nf3 d5 3. e3 Nf6 4. Bd3 Bd6 5. O-O O-O 6. Nbd2 Nbd7 7. b3 c6 8. Bb2
Qc7 9. Rc1 e5 10. dxe5 Nxe5 11. Nxe5 Bxe5 12. Bxe5 Qxe5 13. c4 Be6 14. Nf3 Qh5
15. Nd4 Qe5 16. Nxe6 fxe6 17. Re1 Qg5 18. f4 Qh4 19. g3 Qh3 20. Bf1 Qf5 21. Bd3
Qh3 22. Qf3 Rfe8 23. Qg2 Qh6 24. Rc2 Rad8 25. Rce2 g6 26. g4 Qh4 27. g5 Nh5 28.
Rf1 d4 29. Qe4 Qg4+ 30. Rg2 Qf5 31. Qxf5 exf5 32. Be2 Rxe3 33. Bxh5 gxh5 34.
Rd2 c5 35. Kg2 Rde8 36. Rf3 Kg7 37. Rd3 Rxd3 38. Rxd3 Re2+ 39. Kg3 Rxa2 40. b4
Rc2 41. Rd1 b6 42. bxc5 bxc5 43. Ra1 Rxc4 44. Rxa7+ Kg6 45. Ra6+ Kg7 46. Ra7+
Kg8 47. Ra8+ Kf7 48. Ra7+ Kf8 49. Ra8+ Ke7 50. Ra7+ Kd6 51. Rxh7 d3 52. Rh6+
Ke7 53. Rh7+ Kf8 54. Kf3 Rd4 55. Ra7 d2 56. Ra8+ Ke7 57. Ra7+ Kd6 58. Ra6+ Kd5
59. Ra1 d1=Q+ 60. Rxd1 Rxd1 61. Ke2 Rg1 62. Kf2 Rg4 63. Kf3 c4 64. h3 Rg1 65.
Kf2 Rb1 66. g6 Rb6 67. Kg3 Rxg6+ 68. Kh4 Ke4 69. Kxh5 Rg8 70. Kh6 Rh8+ 0-1

[Event "C.to Provinciale MB"]
[Site "Ceriano Laghetto ITA"]
[Date "2010.02.??"]
[Round "4"]
[White "Basile, Daniele"]
[Black "Pino, Nicola"]
[Result "1/2-1/2"]
[WhiteElo "1697"]
[BlackElo "1793"]
[PlyCount "97"]
[EventDate "2010.02.02"]

1. e3 c5 2. d4 cxd4 3. exd4 e6 4. Nf3 Nf6 5. Bd3 Nc6 6. c3 Be7 7. Bf4 O-O 8.
O-O d6 9. Qc2 b6 10. Nbd2 Bb7 11. Ne4 g6 12. Rad1 Rc8 13. Qe2 Nxe4 14. Bxe4 d5
15. Bd3 Re8 16. Bb5 Rf8 17. Bh6 Re8 18. Ne5 Bd6 19. f4 Bf8 20. Ng4 Bxh6 21.
Nxh6+ Kg7 22. Ng4 h5 23. Ne5 Qd6 24. Rf3 Re7 25. Nxc6 Bxc6 26. Bxc6 Qxc6 27.
Qe5+ f6 28. Qe2 Qc4 29. Re3 Qxe2 30. Rxe2 a5 31. Rde1 Kf7 32. a4 Rc4 33. Ra1
Rec7 34. Kf2 Rb7 35. Re3 b5 36. axb5 Rxb5 37. b4 Rc7 38. bxa5 Ra7 39. Ree1
Rbxa5 40. Rxa5 Rxa5 41. Rb1 f5 42. Rb7+ Kf6 43. h4 Ra2+ 44. Kf3 Rd2 45. Rc7 Rd1
46. Ke2 Rc1 47. Kf2 Rc2+ 48. Kg3 Rd2 49. Kf3 1/2-1/2

[Event "C.to Provinciale MB"]
[Site "Ceriano Laghetto ITA"]
[Date "2010.02.??"]
[Round "4"]
[White "Bertuolo, Sergio"]
[Black "Cervini, Gian Piero"]
[Result "0-1"]
[WhiteElo "1559"]
[BlackElo "1792"]
[PlyCount "48"]
[EventDate "2010.02.02"]

1. e4 g6 2. Nf3 Bg7 3. d4 d6 4. Be2 Nf6 5. Nc3 O-O 6. Bd2 c5 7. d5 e6 8. Rb1
exd5 9. exd5 Nbd7 10. Bf4 Nb6 11. O-O a6 12. Re1 Bf5 13. Bf1 Qd7 14. Nh4 Rad8
15. Qd2 Nh5 16. Nxf5 Qxf5 17. Re4 Bxc3 18. bxc3 Qxe4 19. Rxb6 Qxf4 20. Qxf4
Nxf4 21. c4 Rd7 22. g3 Nh5 23. Bh3 f5 24. Kf1 Re8 0-1

[Event "C.to Provinciale MB"]
[Site "Ceriano Laghetto ITA"]
[Date "2010.02.??"]
[Round "4"]
[White "Borserini, Mirko"]
[Black "Petetta, Roberto"]
[Result "0-1"]
[WhiteElo "1449"]
[BlackElo "1649"]
[PlyCount "114"]
[EventDate "2010.02.02"]

1. d4 g6 2. e4 Bg7 3. f4 e6 4. Nf3 Nf6 5. Nc3 d6 6. Be3 a6 7. b4 O-O 8. Qd2 Ng4
9. Bd3 Nxe3 10. Qxe3 f5 11. e5 Qe7 12. a3 b5 13. O-O Bb7 14. Ne2 Nd7 15. c4
bxc4 16. Bxc4 Nb6 17. Bb3 Bd5 18. Rac1 Rfc8 19. Rc2 a5 20. Bxd5 Nxd5 21. Qd2
axb4 22. axb4 dxe5 23. dxe5 Qxb4 24. Qxb4 Nxb4 25. Rc4 Nd5 26. Rfc1 Bf8 27. Rc6
Ra4 28. g3 Rca8 29. Ng5 Ba3 30. R1c4 Rxc4 31. Rxc4 Ra6 32. Nc3 Nxc3 33. Rxc3 c5
34. Nf3 Bb4 35. Rc2 h6 36. h3 Kf7 37. Kf1 Ra1+ 38. Kg2 Rd1 39. h4 Ke7 40. Kh3
Rd3 41. Kg2 Kd7 42. Ra2 Ra3 43. Rxa3 Bxa3 44. Nd2 Bb4 45. Nc4 Bc3 46. Kf3 Bd4
47. g4 h5 48. gxf5 gxf5 49. Ke2 Ke7 50. Nd2 Bc3 51. Nf3 Bb2 52. Kd1 Kd7 53. Kc2
Ba1 54. Kb3 Kc6 55. Nd2 Bd4 56. Nf3 Be3 57. Ng5 Kd5 0-1

[Event "C.to Provinciale MB"]
[Site "Ceriano Laghetto ITA"]
[Date "2010.02.??"]
[Round "4"]
[White "Farinella, Piervittorio"]
[Black "Dimo, Maurizio"]
[Result "0-1"]
[WhiteElo "1380"]
[BlackElo "1514"]
[PlyCount "58"]
[EventDate "2010.02.02"]

1. e4 e5 2. Nf3 Nc6 3. Bb5 Nf6 4. O-O Bc5 5. Re1 d6 6. c3 O-O 7. d4 exd4 8.
cxd4 Bb4 9. Nc3 Bg4 10. Bxc6 bxc6 11. a3 Bxc3 12. bxc3 Rb8 13. Re3 Re8 14. Qa4
Nxe4 15. Qxc6 d5 16. Ne5 Rb6 17. Qa4 Bd7 18. Qc2 Bf5 19. Bd2 Nd6 20. Qc1 Be4
21. Re1 h6 22. Ng4 Qd7 23. h3 Nc4 24. Ne3 Nb2 25. f3 Nd3 26. Qd1 Nxe1 27. Qxe1
Bd3 28. Qg3 Rb7 29. Ng4 Kh8 0-1